Responses for show #7461 - Monday, February 6, 2017

Lisa Schlitt game 7.

Contestants

[<< previous game]

Matt Kellison, an economist from Ottawa, Ontario, Canada

Jill Rausch, a captioner from Phoenix, Arizona

Lisa Schlitt, a microbiologist from Berwyn, Pennsylvania (whose 6-day cash winnings total $139,100)

[next game >>]

Jeopardy! Round responses

FAMILIAR ACTING FACES
A RUDE AWAKENING
A FICTIONAL DEATH
FOREIGN EXCHANGE
"MIS"QUOTES
RENTING A CAR
    $200 6
Groundhog Day

Matt
    $200 21
"Reveille"

Jill
    $200 1
The Invisible Man

Lisa
    $200 26
Nepal

Matt
    $200 11
the Mississippi

Lisa
    $200 16
Enterprise

Matt
    $400 7
The Good Wife

Matt
    $400 22
an air horn

Lisa
    $400 2
George R.R. Martin

Matt
    $400 27
Crimea

Lisa
    $400 12
mistakes

Lisa
    $400 17
Hertz

Matt
    $600 8
Seinfeld

Matt
    $600 23
a Charlie horse

Lisa
    $600 3
The Hunchback of Notre-Dame

Jill
    $600 28
[The end-of-round signal sounds.]

(Ingmar) Bergman

Jill
    $600 13
mistress

Matt
    $600 18
Budget

Lisa
    $800 9
Boogie Nights

Matt
    $800 24
(Alex: Less than a minute to go now.)

the Ice Bucket Challenge

Lisa
    $800 4
(Lisa: Who is Tybalt?)

Mercutio

LisaJill
    $800 14
misdemeanors

Matt
    $800 19
Dollar

Jill
    $1000 10
CCH Pounder

Jill
    $1000 25
sleep apnea

Matt
    $1,000 5
Rabbit at Rest

Jill
    $1000 15
(Matt: What are misplaced toys?)

misfit toys

JillMatt
    $1000 20
Avis

Lisa

Scores at the first commercial break (after clue 15):

Lisa Jill Matt
$0 $4,400 $2,800

Scores at the end of the Jeopardy! Round:

Lisa Jill Matt
$3,800 $6,000 $4,600

Double Jeopardy! Round responses

BROADWAY SHOWS IN LATIN
VENICE
ALLITERATIVE 2-WORD TERMS
CLASSICAL MUSIC
HARD "G"
(Alex: And then you get to travel with me. A visit to the brand-new...)
NATIONAL MUSEUM OF AFRICAN-AMERICAN HISTORY AND CULTURE
    $400 6
The Music Man

Lisa
    $400 21
a gondola

Lisa
    $400 1
a tongue twister

Lisa
    $400 12
the graveyard shift

Matt
    $400 7
Kwanzaa

Matt
    $800 15
Cats

Matt
    $800 22
the Adriatic

Lisa
    $800 2
a weeping willow

Lisa
    $800 27
Carmen

Jill
    $800 13
Gilbert

Matt
    $800 8
Monticello

Matt
    $1,200 18
My Fair Lady

Lisa
    $1200 23
the Grand Canal

Lisa
    $1200 3
a cash cow

Jill
    $400 26
(Alex: Lisa?)
(Lisa: [no response])

The Planets

Lisa
    $1200 14
a grouse

Lisa
    $1200 9
Queen Victoria

Lisa
    $1600 19
42nd Street

Triple Stumper
    $1600 24
Lido Beach

Triple Stumper
    $1600 4
saddle shoes

Triple Stumper
    $1600 28
an overture

Triple Stumper
    $1600 16
(Sid) Grauman

Jill
    $1600 10
Montgomery

Jill
    $2000 20
Kinky Boots

Triple Stumper
    $2000 25
(Alex: About a minute to go now.)

Murano

Triple Stumper
    $2000 5
a medicine man

Triple Stumper
    $2000 29
Grand Canyon Suite

Jill
    $2000 17
gyoza

Lisa
    $2000 11
(Alex: And just an added note from me, a personal one--if you get a chance to visit our nation's capital, go to that museum if you're interested in American history--very important.)

Malcolm X

Matt

Scores at the end of the Double Jeopardy! Round:

Lisa Jill Matt
$13,000 $13,200 $9,800

[wagering suggestions for these scores]

Final Jeopardy! Round responses

MYTHOLOGICAL NAMES
MattWho is Marianas?
$9,800
LisaWho is Pelagus?
$13,000
JillWho is Tantalus
$399
Hades

Final scores:

Lisa Jill Matt
$0 $12,801 $0
2nd place: $2,000 New champion: $12,801 3rd place: $1,000

Game dynamics:

Coryat scores:

Lisa Jill Matt
$13,400 $13,200 $9,800
19 R
(including 1 DD),
2 W
(including 1 DD)
13 R
(including 1 DD),
0 W
17 R,
1 W

Combined Coryat: $36,400

The J! Archive is created by fans, for fans. The Jeopardy! game show and all elements thereof, including but not limited to copyright and trademark thereto, are the property of Jeopardy Productions, Inc. and are protected under law. This website is not affiliated with, sponsored by, or operated by Jeopardy Productions, Inc. Join the discussion at JBoard.tv.